Visual explanations: images and quantities, evidence and narrative
Bewaard in:
| Hoofdauteur: | |
|---|---|
| Formaat: | Boek |
| Taal: | Engels |
| Gepubliceerd in: |
Cheshire, Connecticut, USA:
Graphic Press,
1997.
|
| Onderwerpen: | |
| Tags: |
Voeg label toe
Geen labels, Wees de eerste die dit record labelt!
|
MARC
| LEADER | 00000cam a2200000 a 4500 | ||
|---|---|---|---|
| 001 | UCD2980 | ||
| 003 | CL-VaPUC | ||
| 005 | 20230517101025.0 | ||
| 008 | 160520e19970000us |||||||||||||||||eng|d | ||
| 999 | |c 364089 |d 364087 | ||
| 020 | |a 978-0961392123 | ||
| 020 | |a 978-1930824157 | ||
| 040 | |c Pontificia Universidad Católica de Valparaíso | ||
| 082 | 0 | 4 | |a 302.23 TUF 1997 |2 21 |
| 100 | 0 | |a Tufte, Edward Rolf |e author |9 586376 | |
| 245 | 1 | 0 | |a Visual explanations: |b images and quantities, evidence and narrative |
| 260 | |a Cheshire, Connecticut, USA: |b Graphic Press, |c 1997. | ||
| 300 | |a 156 páginas; |b ilustraciones. | ||
| 583 | |a last modification |c 20160520 11:34:00 |k Rodrigo Vera | ||
| 650 | 0 | |a Comunicación visual |9 265349 | |
| 650 | 0 | |a Percepción visual |9 267039 | |
| 650 | 0 | |a Comunicación visual no verbal |9 882294 | |
| 942 | |c BK |2 ddc | ||
| 945 | |d 20160520 11:34:00 |a dcastane | ||
| 952 | |0 0 |1 0 |3 erd |4 0 |6 302_230000000000000_TUF_1997 |7 0 |8 A |9 477001 |a FDOPOS |b FDOPOS |i 5287626 |o 302.23 TUF 1997 |p 5287626 |r 2025-01-22 |w 2019-11-24 |y BK |z Catalogado en:20160520 |k DLA | ||
| 952 | |0 0 |1 0 |2 ddc |4 0 |6 302_230000000000000_TUF_1997 |7 0 |8 A |9 590036 |a BIBCUR |b BIBCUR |c GEN |d 2023-05-16 |e 1 |g 42784.42 |i 5657430 |l 4 |m 1 |o 302.23 TUF 1997 |p 5657430 |r 2025-04-22 |s 2024-12-18 |t 2 |v 42784.42 |w 2023-05-16 |y BK |k PER | ||